000 01971cam a22005894i 4500
003 PE-LiUPU
005 20250731180153.0
008 150706s r 000 0 d
020 _a9788496921153
035 _a(Sirsi) i9788496921153
040 _aPE-LiUPU
_bspa
_cPE-LiUPU
_erda
049 _aPRUA
082 0 4 _a579
_bH22
_221
100 1 _aHarvey, Richard A.,
_eautor.
245 1 0 _aMicrobiología /
_cRichard A. Harvey, Pamela C. Champe y Bruce D. Fisher.
250 _a2a ed.
264 1 _aBarcelona :
_blippincott williams & wilkins,
_c2007.
300 _a438 páginas :
_bilustraciones ;
_c28 cm.
336 _atext
_2rdacontent
337 _aunmediated
_2rdamedia
338 _avolume
_2rdacarrier
490 0 _aLippincott's Illustrated reviews
500 _aTraducido en original: Lippincott's Illustrated reviews: Microbiology.
505 0 _aEl mundo microbiano. -Hongos y parásitos -- Virus -- Resumen de microbiología clínica.
526 _aSEG44
526 _aSEG26
526 _aP159
526 _aP155
526 _aP154
526 _aP153
526 _aP150
526 _aP100
526 _aP31
526 _aP30
526 _aP26
526 _aP25
526 _aP24
526 _aP22
526 _aP15
526 _aP10
541 _g001-000112;
650 0 4 _aMicrobiología.
700 1 _aChampe, Pamela C.,
_eautor.
700 1 _aFisher Bruce D,,
_eautor.
700 1 _aVigo Anglada, Martha,
_etr.
910 _agl20131021
942 _2ddc
_cBOOK
949 _a579 H22
_wDEWEY
_c1
_i68705
_lCCODEBUL1
_mBUL
_p72.00
_r0
_sY
_tBOOK
_u2015-7-6
_xSALUD
_PP30
_o.STAFF. Colección General
994 _aC0
_bPEPRU
596 _a1
999 _a579 H22
_wDEWEY
_c55961
_i68705
_d55961
_e2019-9-20
_f2021-11-5
_g5
_lCCODEBUL1
_mBUL
_n47
_p72.00
_q22
_r0
_sY
_tBOOK
_u2015-7-6
_xBIBLIOTECA
_PP30
_0COMPRA
_o.STAFF. Colección General
980 _81
_gALBERTO SANCHEZ Responsable de Automatización